书目信息 |
| 题名: |
生态文明与生态产业发展
|
|
| 作者: | 胡正塬 著 | |
| 分册: | ||
| 出版信息: | 北京 中国农业科学技术出版社 2001.08.12 |
|
| 页数: | 186页 | |
| 开本: | 20cm | |
| 丛书名: | ||
| 单 册: | ||
| 中图分类: | F323.1 | |
| 科图分类: | ||
| 主题词: | 农业经济--中国 | |
| 电子资源: | ||
| ISBN: | 978-7-80233-756-5 | |
| 000 | 00813nam0 2200205 450 | |
| 001 | 2234907868 | |
| 005 | 20221108094529.52 | |
| 010 | @a978-7-80233-756-5@dCNY30.00 | |
| 100 | @a20221108d2001 km y0chiy0120 ea | |
| 101 | 0 | @achi |
| 102 | @aCN@b110000 | |
| 200 | 1 | @a生态文明与生态产业发展@ASheng Tai Wen Ming Yu Sheng Tai Chan Ye Fa Zhan@e可持续发展项目设计评估与生态产业科技园区实证研究@f胡正塬著@FHu Zheng Yuan Zhu |
| 210 | @a北京@c中国农业科学技术出版社@d2001.08.12 | |
| 215 | @a186页@d20cm | |
| 517 | 1 | @a可持续发展项目设计评估与生态产业科技园区实证研究@AKe Chi Xu Fa Zhan Xiang Mu She Ji Ping Gu Yu Sheng Tai Chan Ye Ke Ji Yuan Qu Shi Zheng Yan Jiu |
| 606 | 0 | @a农业经济@x中国 |
| 690 | @aF323.1@v4 | |
| 701 | 0 | @a胡正塬@AHu Zheng Yuan@4著 |
| 801 | 0 | @aCN@b河南城建学院图书馆@c20221108 |
| 905 | @dF323.1@eH538 | |
| 生态文明与生态产业发展:可持续发展项目设计评估与生态产业科技园区实证研究/胡正塬著.-北京:中国农业科学技术出版社,2001.08.12 |
| 186页;20cm |
| ISBN 978-7-80233-756-5:CNY30.00 |
| ● |
| 相关链接 |
|
|
|
正题名:生态文明与生态产业发展
索取号:F323.1/H538
 
预约/预借
| 序号 | 登录号 | 条形码 | 馆藏地/架位号 | 状态 | 备注 |
| 1 | 1505569 | 215055696 | 社科库409/409社科库 33排3列2层/ [索取号:F323.1/H538] | 在馆 |